000 007250000a22001810004500
003 MACL
005 20160517164732.0
008 160517b xxu||||| |||| 00| 0 eng d
040 _aMACL
_cMACL
041 _aHindi
082 _a891.433
100 _aसिंह, सुधा
_957715
245 _aसाझा संस्‍कृति भारतीय फासीवाद का स्‍त्री प्रत्‍युत्‍तर
_cसुधा सिंह
260 _bअनामिका पब्लिशर्स एंड डिस्‍ट्रीब्‍यूटर्स
_c2008
_aदिल्‍ली
350 _a500
650 _aStories
_957716
942 _cHIN
_k891.433/SIN
_2ddc
999 _c41353
_d41353